00346nam a2200133Ia 4500008004100000020000900041040001600050041001200066082001800078100001900096245004100115260004500156300001100201230917s9999||||xx |||||||||||||| ||und|| cRS80 e15459aMAIN aEnglish a301.4443 A27P aAlexander, K C 0aPeasant organizations in South India aNew DelhibIndian Social Institutec1981 a227 p.